|
|
|
|
| LEADER |
00960cam a2200241 7i4500 |
| 001 |
0000054247 |
| 005 |
20200907090000.0 |
| 020 |
|
|
|a 9780749465513 (electronic book)
|
| 020 |
|
|
|a 9780749465506 (electronic book)
|
| 090 |
0 |
0 |
|a HF5549.17
|b .A45 2012
|
| 100 |
1 |
|
|a Armstrong, Michael
|
| 245 |
1 |
4 |
|a Armstrong's handbook of human resource management practice
|c Michael Armstrong.
|
| 264 |
|
1 |
|a London:
|b Kogan Page,
|c 2012.
|
| 300 |
|
|
|a 1 online resource (xxxvi, 756 pages):
|b text file, PDF.
|
| 336 |
|
|
|a text
|2 rdacontent
|
| 337 |
|
|
|a computer
|2 rdamedia
|
| 338 |
|
|
|a online resource
|2 rdacarrier
|
| 650 |
|
0 |
|a Personnel management
|
| 655 |
|
0 |
|a Electronic books
|
| 856 |
4 |
2 |
|u http://library.unisel.edu.my/equip-unisel/custom/ebook_catalog/ebook/Armstrongshandbookofhumanresourcemanagementpracticecompressed.pdf
|
| 997 |
|
|
|a Business & Accountancy, Faculty
|
| 998 |
|
|
|a Human Resource Management, Degree
|
| 999 |
|
|
|a EBO0000798
|b EBOOK
|c EBOOK
|e Electronic resources
|